|
|
|
|
| LEADER |
02146nam a2200373 a 4500 |
| 001 |
16555526 |
| 008 |
120806s2012 ohua 001 0 eng |
| 999 |
|
|
|c 12702
|d 12702
|
| 010 |
|
|
|a 2010941869
|
| 020 |
|
|
|a 9780538453424
|
| 020 |
|
|
|a 0538453427
|a 9788131517390
|a 813151739X
|
| 020 |
|
|
|a 9780538453059 (hbk.)
|
| 020 |
|
|
|a 0538453052 (hbk.)
|
| 040 |
|
|
|a DLC
|c DLC
|d DLC
|d BD-DhAAL
|
| 042 |
|
|
|a pcc
|
| 050 |
0 |
0 |
|a HB171.5
|b .M264 2012
|
| 082 |
0 |
0 |
|a 330
|2 23
|
| 100 |
1 |
|
|a Mankiw, N. Gregory.
|9 2184
|
| 245 |
1 |
0 |
|a Principles of economics /
|c N. Gregory Mankiw.
|
| 246 |
3 |
0 |
|a Economics
|
| 250 |
|
|
|a 6th edition
|
| 260 |
|
|
|a Mason, OH :
|b South-Western Cengage Learning,
|c c2012. [Reprinted]
|
| 300 |
|
|
|a xxxii, 856 pages :
|b color illustrations ;
|c 27 cm.
|
| 500 |
|
|
|a Includes index.
|
| 541 |
|
|
|e 00025856, 27190
|
| 650 |
|
0 |
|a Economics.
|9 2185
|
| 852 |
1 |
|
|a Ayesha Abed Library
|c General Shelf.
|
| 942 |
|
|
|2 ddc
|c BK
|0 7
|
| 952 |
|
|
|0 0
|1 4
|2 ddc
|4 0
|6 330_000000000000000_MAN
|7 0
|9 20935
|a BRACUL
|b BRACUL
|c GEN
|d 2012-08-06
|e Developement Book Agency
|g 5745.00
|l 17
|m 68
|o 330 MAN
|p 3010025856
|r 2015-08-19
|s 2015-07-05
|t 1
|w 2012-08-06
|y BK
|x Koha Inventory 2020
|
| 952 |
|
|
|0 0
|1 0
|2 ddc
|4 0
|6 330_000000000000000_MAN
|7 0
|9 20936
|a BRACUL
|b BRACUL
|c GEN
|d 2012-08-06
|e Developement Book Agency
|g 5745.00
|l 42
|m 303
|o 330 MAN
|p 3010025857
|r 2026-02-19
|s 2026-02-18
|t 2
|w 2012-08-06
|y BK
|
| 952 |
|
|
|0 0
|1 0
|2 ddc
|4 0
|6 330_000000000000000_MAN
|7 0
|9 20937
|a BRACUL
|b BRACUL
|c GEN
|d 2012-08-06
|e Developement Book Agency
|g 5745.00
|l 34
|m 268
|o 330 MAN
|p 3010025858
|r 2026-02-01
|s 2025-07-01
|t 3
|w 2012-08-06
|y BK
|
| 952 |
|
|
|0 0
|1 2
|2 ddc
|4 0
|6 330_000000000000000_MAN
|7 0
|9 20938
|a BRACUL
|b BRACUL
|c GEN
|d 2012-08-06
|e Developement Book Agency
|g 5745.00
|l 11
|m 115
|o 330 MAN
|p 3010025859
|q 2017-12-26
|r 2015-02-20
|s 2015-02-20
|t 4
|w 2012-08-06
|y BK
|
| 952 |
|
|
|0 0
|1 0
|2 ddc
|4 0
|6 330_000000000000000_MAN
|7 0
|9 20939
|a BRACUL
|b BRACUL
|c GEN
|d 2012-08-06
|e Developement Book Agency
|g 5745.00
|l 37
|m 237
|o 330 MAN
|p 3010025860
|r 2026-02-01
|s 2026-01-07
|t 5
|w 2012-08-06
|y BK
|
| 952 |
|
|
|0 0
|1 0
|2 ddc
|4 0
|6 330_000000000000000_MAN
|7 0
|9 22767
|a IGS
|b IGS
|c GEN
|d 2013-06-20
|e STS International
|g 935.00
|l 0
|o 330 MAN
|p 3010027190
|r 2013-06-20
|t 6
|w 2013-06-20
|y BK
|